Statistics for City to country - Easy

Click here to take the quiz!

General Stats

  • This quiz has been taken 51 times
  • The average score is 21 of 25

Answer Stats

CityCountry% Correct
ParisFrance
100%
AthensGreece
100%
MoscowRussia
100%
Rio De JaneiroBrazil
96%
VancouverCanada
96%
CairoEgypt
96%
OsloNorway
94%
DallasUnited States
94%
ViennaAustria
92%
WuhanChina
90%
LimaPeru
90%
BernSwitzerland
90%
TehranIran
88%
AdelaideAustralia
83%
TurinItaly
83%
RiyadhSaudi Arabia
83%
KatmanduNepal
81%
CasablancaMorocco
77%
PretoriaSouth Africa
77%
KolkataIndia
73%
MonterreyMexico
69%
KarachiPakistan
67%
KinshasaDemocratic Republic Of The Congo
60%
NiameyNiger
50%
BursaTurkey
38%

Score Distribution

Percentile by Number Answered

Percent of People with Each Score

Your Score History

You have not taken this quiz